LEADER 01510nas a2200241 4500 001 000000344355 003 CaOOAMICUS 005 20210507173109.0 008 210217c19999999it ar p 0 0mul r 022 $a1129-230X 040 $aSeMil$bita 245 00$aFranciscana /$cBollettino della Società internazionale di studi francescani. 264 4$aSpoleto :$bCentro Italiano di studi sull'Alto Medioevo,$c1999- 310 $aAnnuale 362 0 $a1999- 510 4 $aCod. rivista ACNP:$cPT02077650 710 2 $aSocietà Internazionale di Studi Francescani$g.$0(OLS)http://semarc/name/31546 850 $aSeMil 852 $aSeMil$W1$xVenegono$y1$pCliccare per visualizzare collocazione, posseduto cumulativo e fascicoli ricevuti dell?annata corrente

Cliccare per visualizzare eventuali spogli (alla eventuale voce ?Indici? in fondo di pagina)$B235404$CSeMilBibl$Z2$F235404 $85 996 $6022$a1129-230X$9(OLS)http://semarc/number/292401 996 $6245$aFranciscana$9(OLS)http://semarc/title/433453 996 $6264$aSpoleto :$bCentro Italiano di studi sull'Alto Medioevo$9(OLS)http://semarc/publisher/30994 LEADER 00897nam a2200241 i 4500 001 000000132942 003 CaOOAMICUS 005 20251110094917.0 008 041222s1980 it u000 u ita u 013 $a105959 020 $a88-215-0235-X 040 $aSeMil$bita 245 10$aLibro 4.: 90-106, Libro 5.: 107-150. 300 $a334 p. 650 4$aBibbia. Antico Testamento. Salmi, 90-150.$0(OLS)http://semarc/subject/26136 773 0 $tSalmi.$dRoma : Paoline, 1977-1980.$kNuovissima versione della Bibbia dai testi originali$g3$w()12683 850 $aSeMil 852 $aSeMil$W1$xVenegono$y1$m2V I 178/3$j86830$B86830$CSeMilBibl$Z2$F91428 $81 941 1 $a4 961 $aOmaggio: Martini Card. Carlo Maria 996 $6020$a88-215-0235-X$9(OLS)http://semarc/number/120063 996 $6245$aLibro 4.: 90-106, Libro 5.: 107-150$9(OLS)http://semarc/title/195110